LEADER 01045nam--2200385---450- 001 990001062840203316 005 20050530160940.0 010 $a88-7380-610-4 035 $a0106284 035 $aUSA010106284 035 $a(ALEPH)000106284USA01 035 $a0106284 100 $a20020327d2000----km-y0itay0103----ba 101 $aita 102 $aIT 105 $aa|||z|||001yy 200 1 $a<> infinito$fAntonino Zichichi 210 $aMilano$cPratiche$d2000 215 $a263 p.$cill.$d19 cm 225 2 $aNuovi saggi 410 0$12001$aNuovi saggi 606 $aInfinito 676 $a111.6 700 1$aZICHICHI,$bAntonino$046058 801 0$aIT$bsalbc$gISBD 912 $a990001062840203316 951 $aII.6. 546(IV A 1527)$b160794 L.M.$cIV A$d00078818 959 $aBK 969 $aUMA 979 $aANGELA$b90$c20020327$lUSA01$h1334 979 $c20020403$lUSA01$h1746 979 $aPATRY$b90$c20040406$lUSA01$h1714 979 $aCOPAT6$b90$c20050530$lUSA01$h1609 996 $aInfinito$9276428 997 $aUNISA